|
|
|
|
| LEADER |
02761njm a2200613 a 4500 |
| 001 |
000714981 |
| 003 |
CZ BrMZK |
| 005 |
20251202074619.0 |
| 007 |
sd fsngnnmmned |
| 008 |
040510s1997 xr wz e cze d |
| 028 |
0 |
1 |
|a 49 1009-2
|b Kubešovo hudební vydavatelství
|
| 040 |
|
|
|a ABA001
|b cze
|d BOA001
|
| 045 |
|
|
|a x-x-
|
| 047 |
|
|
|a zz
|
| 047 |
|
|
|a wz
|
| 048 |
|
|
|a of
|b vu
|
| 080 |
|
|
|a (086.76)
|2 MRF
|
| 080 |
|
|
|a 784.4
|2 MRF
|
| 080 |
|
|
|a 785.12
|2 MRF
|
| 100 |
1 |
|
|a Doško, Ada,
|d 1937-1999
|7 xx0006100
|4 arr
|4 cmp
|4 lyr
|
| 245 |
1 |
0 |
|a Rodná víska
|h [zvukový záznam] :
|b písničky k šedesátinám hudebního skladatele Ady Doška /
|c hudba, aranžmá Ada Doško
|
| 260 |
|
|
|a Praha :
|b Kubešovo hudební vydavatelství,
|c c1997
|
| 300 |
|
|
|a 1 zvuková deska (55:05) :
|b digital ;
|c 12 cm +
|e 1 brožura
|
| 306 |
|
|
|a 005505
|
| 500 |
|
|
|a Kompaktní deska (ADD)
|
| 500 |
|
|
|a Nahráno ve studiu Fikus
|
| 505 |
0 |
0 |
|t Rodná víska --
|t Olešnická polka --
|t Šumavské vyznání --
|t Léto pod Kletí --
|t Už listí zlátne --
|t Hvězdy na nebi --
|t Kubata --
|t V římovské dolině --
|t Věrným přátelům --
|t Povětrné střevíčky --
|t Štěbencová polka --
|t Upřímné vyznání --
|t Já se tam vrátím --
|t Okolo Zahrádky --
|t Hospůdka v údolí --
|t Žijte si blaze
|
| 511 |
0 |
|
|a Zpívají: Ivana Jelínková-Krucká, Barbora Lišková, Blanka Tůmová ...[et al.]
|
| 511 |
0 |
|
|a Hraje Veselka Ladislava Kubeše
|
| 650 |
0 |
7 |
|a dechová hudba
|7 ph119353
|2 czenas
|
| 650 |
0 |
7 |
|a lidová hudba, úpravy
|7 ph320412
|2 czenas
|
| 650 |
0 |
4 |
|a valčíky (dechová hudba)
|
| 650 |
0 |
4 |
|a polky (dechová hudba)
|
| 650 |
0 |
4 |
|a tanga (zpěv, dechová hudba)
|
| 655 |
|
7 |
|a kompaktní desky
|7 fd201991
|2 czenas
|
| 700 |
1 |
|
|a Dvořáková, Zdena,
|d 1957-
|7 mzk2007382152
|4 lyr
|
| 700 |
1 |
|
|a Beneš, Zdeněk,
|d 1959-
|7 mzk2011667989
|4 lyr
|
| 700 |
1 |
|
|a Hájek, Jaroslav,
|d 1944-
|7 mzk2005290040
|4 lyr
|
| 700 |
1 |
|
|a Hajn, Ivo
|4 lyr
|
| 700 |
1 |
|
|a Jacura, Ladislav,
|d 1913-2004
|7 jk01050594
|4 lyr
|
| 700 |
1 |
|
|a Lepič, Bohumil,
|d 1943-1994
|7 mzk2005300591
|4 lyr
|
| 700 |
1 |
|
|a Jelínková, Ivana
|4 prf
|
| 700 |
1 |
|
|a Lišková, Barbara
|7 xx0147495
|4 prf
|
| 700 |
1 |
|
|a Tůmová, Blanka,
|d 1951-
|7 jx20050629048
|4 prf
|
| 700 |
1 |
|
|a Kubeš, Ladislav,
|d 1949-
|7 xx0007404
|4 cnd
|
| 700 |
1 |
|
|a Čepelka, Miloň,
|d 1936-
|7 jk01021264
|4 lyr
|
| 700 |
1 |
|
|a Sýkora, Vladimír,
|d 1930-
|7 mzk2007382154
|4 lyr
|
| 700 |
1 |
|
|a Řehák, František
|4 lyr
|
| 700 |
1 |
|
|a Vršecký, František
|7 mzk2009544409
|4 lyr
|
| 700 |
1 |
|
|a Bárta, Miloš
|7 ola2002158823
|4 lyr
|
| 710 |
2 |
|
|a Veselka Ladislava Kubeše (hudební skupina)
|7 ko2004233183
|
| 910 |
|
|
|a BOA001
|b CD-0011.560
|
| 990 |
|
|
|a AV
|
| 996 |
6 |
|
|b 261H012700
|c CD-0011.560
|l MZK
|r Sklad / do 24 hodin
|n 0
|w 000714981
|u 000010
|a 1
|e BOA001
|j MZK50
|s P
|